Uhlíková stopa a životný cyklus

Najčastejšie rozoberaná téma v súvislosti so životným prostredím je v súčasnosti uhlíková stopa, ktorá je sumárom všetkýžch skleníkových plynov, vypúšťaných do atmosféry a je vyjadrená ekvivalentom CO2. Uhlíkovú stopu vytvára každá činnosť, nesie ju každý výrobný proces, každý výrobok, každý človek....

Descrizione completa

Salvato in:
Dettagli Bibliografici
Autore principale: Mátel, František
Natura: Capitolo di libro
Lingua:slovacco
Soggetti:
Tags: Aggiungi Tag
Nessun Tag, puoi essere il primo ad aggiungerne!!

MARC

LEADER 00000naa a2200000 4500
001 0300138
005 20240424143754.8
041 0 |a slo 
044 |a SK 
245 1 0 |a Uhlíková stopa a životný cyklus  |c František Mátel 
520 |a Najčastejšie rozoberaná téma v súvislosti so životným prostredím je v súčasnosti uhlíková stopa, ktorá je sumárom všetkýžch skleníkových plynov, vypúšťaných do atmosféry a je vyjadrená ekvivalentom CO2. Uhlíkovú stopu vytvára každá činnosť, nesie ju každý výrobný proces, každý výrobok, každý človek. Znamená to, že poznaním "svojej" uhlíkovej stopy ju možno svojou činnosťou, životosprávou, zásahom do výrobného procesu, výberom materiálu, či výrobku meniť. Vzniká však otázka, či je však vypočítaná uhlíková stopa vždy aj skutočným parametrom pre konkrétny výrobok, alebo ide len o tabuľkový údaj pre určitý sortiment. 
610 2 0 |a stopa uhlíková 
610 2 0 |a prostredie životné 
610 2 0 |a cyklus výrobku životný 
610 2 0 |a plasty 
610 2 0 |a obaly 
610 2 0 |a výrobky 
100 1 |a Mátel, František